Oliver and Company - Once Upon a Time in New York City Lyrics - Statistics

General Stats
  • This quiz has been taken 44 times
    43 since last reset
  • The average score is 149 of 252
Answer Stats
Answer % Correct
a
100%
on
96%
once
96%
Once
96%
time
96%
upon
96%
in
92%
New
92%
York
92%
City
83%
you
79%
it
75%
the
75%
to
75%
and
71%
And
71%
be
71%
it's
67%
It's
67%
No
67%
no
67%
So
67%
so
67%
are
63%
don't
63%
there
63%
go
58%
Now
58%
one
58%
they
58%
always
54%
big
54%
is
54%
Oliver
54%
out
54%
true
54%
your
54%
But
50%
cats
50%
dogs
50%
for
50%
How
50%
how
50%
old
50%
outside
50%
rain
50%
town
50%
way
50%
when
50%
dream
46%
scared
46%
Though
46%
tough
46%
yesterday
46%
anyone
42%
bad
42%
could
42%
never
42%
Not
42%
own
42%
all
38%
cared
38%
ends
38%
raining
38%
see
38%
want
38%
you're
38%
alone
33%
beginnings
33%
cares
33%
contagious
33%
friends
33%
Get
33%
place
33%
They're
33%
were
33%
where
33%
alive
29%
Cause
29%
dying
29%
find
29%
Keep
29%
pages
29%
that
29%
try
29%
turning
29%
begins
25%
crime
25%
dream's
25%
feeling
25%
getting
25%
If
25%
saying
25%
shy
25%
stay
25%
strong
25%
survive
25%
away
21%
making
21%
setting
21%
stages
21%
Why
21%
Dreaming
17%
guy
17%
pick
17%
starry-eyed
17%
Right
13%
still
13%
let
8%
Ain't
4%
Believing
4%
does
4%
great
4%
nightfall
4%
prepared
4%
No matching quizzes found
Score Distribution
Percent of People with Each Score
Percentile by Number Answered
Your Score History
You have not taken this quiz since the last reset